Ekonomická sila regiónov Slovenska a politika trhu práce
Rozdiely rozvojových predpokladov medzi jednotlivými regiónmi Slovenska. Ekonomická sila regiónov podľa výberu príspevkov v nezamestnanosti. Vývojové trendy. Kategorizácia okresov.
Salvato in:
| Autore principale: | |
|---|---|
| Natura: | Capitolo di libro |
| Lingua: | slovacco |
| Soggetti: | |
| Tags: |
Nessun Tag, puoi essere il primo ad aggiungerne!!
|
MARC
| LEADER | 00000naa$a2200000$$$4500 | ||
|---|---|---|---|
| 001 | 0005551 | ||
| 005 | 20221128110408.8 | ||
| 041 | 0 | |a slo | |
| 044 | |a SK | ||
| 245 | 1 | 0 | |a Ekonomická sila regiónov Slovenska a politika trhu práce |c aut. Stanislav Buchta |
| 520 | |a Rozdiely rozvojových predpokladov medzi jednotlivými regiónmi Slovenska. Ekonomická sila regiónov podľa výberu príspevkov v nezamestnanosti. Vývojové trendy. Kategorizácia okresov. | ||
| 610 | 2 | 0 | |a Slovensko |
| 610 | 2 | 0 | |a regióny |
| 610 | 2 | 0 | |a okresy |
| 610 | 2 | 0 | |a disparita |
| 610 | 2 | 0 | |a politika zamestnanosti |
| 610 | 2 | 0 | |a poistenie v nezamestnanosti |
| 610 | 2 | 0 | |a poistné |
| 610 | 2 | 0 | |a potenciál ekonomický |
| 610 | 2 | 0 | |a analýzy |
| 100 | 1 | |a Buchta, Stanislav | |